[Event "Moscow op-B (Women) 14th"]
[Site "Moscow"]
[Date "2018.02.02"]
[Round "7"]
[White "Abuladze, Lana"]
[Black "Esaulova, Marfa"]
[Result "1-0"]
[WhiteElo "2074"]
[BlackElo "1923"]
[PlyCount "113"]
[EventDate "2018.01.27"]
[EventType "swiss"]
[EventRounds "9"]
[EventCountry "RUS"]
[SourceTitle "CBM 182 Extra"]
[Source "ChessBase"]
[SourceDate "2018.02.23"]
[SourceVersion "1"]
[SourceVersionDate "2018.02.23"]
[SourceQuality "1"]

1. e4 c5 2. d3 Nc6 3. g3 d5 4. Nd2 Nf6 5. Bg2 Bg4 6. Ngf3 dxe4 7. dxe4 Ne5 8. h3 Nxf3+ 9. Bxf3 Bxf3 10. Qxf3 Qd7 11. e5 Nd5 12. 0-0 Nb4 13. c3 Nc6 14. Re1 Qxh3 15. e6 fxe6 16. Ne4 Ne5 17. Qe2 Qf5 18. Bf4 Nd7 19. Qb5 Qd5 20. Rad1 Qc6 21. Qxc6 bxc6 22. Ng5 h6 23. Nxe6 Rc8 24. Re2 c4 25. Rde1 g5 26. Nxf8 gxf4 27. Ng6 Rh7 28. Nxf4 Nf6 29. Re6 Nd5 30. Ne2 Kd7 31. Nd4 h5 32. Nf5 Rf8 33. Nd4 Rc8 34. R1e4 Nf6 35. R4e5 Nd5 36. Rg6 Nf6 37. Rc5 Rb8 38. b4 cxb3 39. axb3 Rb6 40. b4 a6 41. Nf3 Rb5 42. Rc4 Kd6 43. Ng5 Rxg5 44. Rxg5 e5 45. Rc5 Re7 46. Ra5 Nd5 47. Rxa6 Nxc3 48. Rg6+ Kd5 49. Raxc6 Ne2+ 50. Kg2 Rb7 51. Rc5+ Ke4 52. b5 Nd4 53. b6 Nb3 54. Rc7 Rb8 55. b7 Na5 56. Rb6 Kf5 57. Rb5 1-0

[Event "Moscow op-B (Women) 14th"]
[Site "Moscow"]
[Date "2018.01.28"]
[Round "2"]
[White "Tomilova, Elena"]
[Black "Abuladze, Lana"]
[Result "1/2-1/2"]
[WhiteElo "2331"]
[BlackElo "2074"]
[PlyCount "85"]
[EventDate "2018.01.27"]
[EventType "swiss"]
[EventRounds "9"]
[EventCountry "RUS"]
[SourceTitle "CBM 182 Extra"]
[Source "ChessBase"]
[SourceDate "2018.02.23"]
[SourceVersion "1"]
[SourceVersionDate "2018.02.23"]
[SourceQuality "1"]

1. c4 f5 2. g3 Nf6 3. Bg2 g6 4. Nc3 Bg7 5. d3 e5 6. e3 d6 7. Nge2 0-0 8. Rb1 a5 9. a3 Nc6 10. 0-0 Ne7 11. e4 Rb8 12. b4 axb4 13. axb4 Be6 14. Nd5 b5 15. Nxe7+ Qxe7 16. cxb5 fxe4 17. dxe4 Rxb5 18. Nc3 Rb7 19. Bg5 Bc4 20. Re1 Qf7 21. Qd2 Rfb8 22. Bxf6 Qxf6 23. Nd5 Qf8 24. Qc3 Ba2 25. Rbc1 Bxd5 26. exd5 Rxb4 27. Qxc7 Bh6 28. Rc2 Rb1 29. Rxb1 Rxb1+ 30. Bf1 Be3 31. Qd7 Bc5 32. Kg2 Rb3 33. Qe6+ Kg7 34. Rxc5 Qf3+ 35. Kg1 dxc5 36. Qxe5+ Kh6 37. d6 Rb1 38. d7 Qd3 39. Qf4+ Kg7 40. Qe5+ Kh6 41. Qf4+ Kg7 42. Qe5+ Kh6 43. Qf4+ 1/2-1/2

[Event "Krasnodar Region-ch (Women)"]
[Site "Krasnodar"]
[Date "2011.10.14"]
[Round "1"]
[White "Abuladze, Lana"]
[Black "Todua, Anastasia"]
[Result "1-0"]
[WhiteElo "2048"]
[BlackElo "1630"]
[PlyCount "71"]
[EventDate "2011.10.14"]
[EventType "swiss"]
[EventRounds "8"]
[EventCountry "RUS"]
[SourceTitle "EXT 2022"]
[Source "ChessBase"]
[SourceDate "2021.10.06"]
[SourceVersion "1"]
[SourceVersionDate "2021.10.06"]
[SourceQuality "1"]

1. e4 e5 2. Nf3 Nc6 3. d4 exd4 4. Nxd4 Qh4 5. Nb5 Qxe4+ 6. Be2 Kd8 7. 0-0 a6 8. N5c3 Qe5 9. Nd2 Nf6 10. Bc4 Bc5 11. Nf3 Qh5 12. Ng5 Qxd1 13. Nxf7+ Ke8 14. Rxd1 Rf8 15. Re1+ Ne7 16. Ne5 b5 17. Bb3 Bb7 18. Nd3 Bb6 19. Be3 Bxe3 20. Rxe3 Kd8 21. Nc5 Bd5 22. Rd3 Bxb3 23. axb3 d6 24. Ne6+ Ke8 25. Nxc7+ Kf7 26. Nxa8 Rxa8 27. Nxb5 Nf5 28. Nxd6+ Nxd6 29. Rxd6 Rc8 30. c3 Re8 31. Rdxa6 Re2 32. Ra7+ Kg6 33. R7a2 Ne4 34. f3 Nd2 35. b4 Nb3 36. Rd1 1-0

[Event "St Petersburg Botvinnik 100 op"]
[Site "St Petersburg"]
[Date "2011.08.19"]
[Round "8"]
[White "Timirev, Sergey"]
[Black "Abuladze, Lana"]
[Result "1-0"]
[WhiteElo "1823"]
[BlackElo "2048"]
[PlyCount "73"]
[EventDate "2011.08.12"]
[EventType "swiss"]
[EventRounds "9"]
[EventCountry "RUS"]
[SourceTitle "CBM 143 Extra"]
[Source "ChessBase"]
[SourceDate "2011.08.29"]
[SourceVersion "1"]
[SourceVersionDate "2011.08.29"]
[SourceQuality "1"]

1. d4 Nf6 2. c4 g6 3. Nc3 d5 4. cxd5 Nxd5 5. e4 Nxc3 6. bxc3 Bg7 7. Bc4 c5 8. Be3 0-0 9. Ne2 Nc6 10. 0-0 cxd4 11. cxd4 Bg4 12. f3 Na5 13. Bxf7+ Rxf7 14. fxg4 Rxf1+ 15. Kxf1 e5 16. Rc1 Qd7 17. dxe5 Qxd1+ 18. Rxd1 Nc4 19. Bd4 Re8 20. h3 Bxe5 21. Ke1 Bc7 22. Nc3 Ba5 23. Ke2 Bxc3 24. Bxc3 Rxe4+ 25. Kd3 Nd6 26. Bd4 a6 27. Rc1 Re7 28. a4 Rd7 29. Rc5 b5 30. Rc6 Nc4 31. Rxa6 Nb2+ 32. Ke4 Nxa4 33. Ra8+ Kf7 34. Rb8 Re7+ 35. Kd3 Re6 36. Rxb5 Ra6 37. Rb7+ 1-0

[Event "Novomikhailovsky op"]
[Site "Novomikhailovsky"]
[Date "2011.05.08"]
[Round "8"]
[White "Fomichenko, Svetlana"]
[Black "Abuladze, Lana"]
[Result "1/2-1/2"]
[WhiteElo "2240"]
[BlackElo "2074"]
[PlyCount "117"]
[EventDate "2011.05.01"]
[EventType "swiss"]
[EventRounds "9"]
[EventCountry "RUS"]
[SourceTitle "EXT 2012"]
[Source "ChessBase"]
[SourceDate "2011.11.24"]
[SourceVersion "1"]
[SourceVersionDate "2011.11.24"]
[SourceQuality "1"]

1. f4 c5 2. Nf3 Nc6 3. b3 d5 4. e3 Nf6 5. Bb2 e6 6. Be2 Bd6 7. 0-0 0-0 8. Qe1 Re8 9. Ne5 Bf8 10. Nxc6 bxc6 11. Bf3 Ba6 12. d3 Rc8 13. Nd2 d4 14. e4 g6 15. Qg3 Bh6 16. Qh4 Bg7 17. g4 Nd7 18. Qxd8 Rexd8 19. g5 h6 20. h4 f5 21. gxf6 Bxf6 22. Bg4 Nf8 23. Ba3 Be7 24. Kg2 Rc7 25. Kg3 Bc8 26. e5 g5 27. fxg5 hxg5 28. h5 Kg7 29. Rae1 a5 30. Nc4 Ra7 31. Nd6 Rxd6 32. exd6 Bxd6+ 33. Kh3 Re7 34. Bc1 Nh7 35. Bd2 Bc7 36. Re2 Bd7 37. Bf5 Rf7 38. Bxh7 Rxf1 39. Kg2 Rf8 40. Bg6 Kh6 41. a4 e5 42. Kg1 Bh3 43. Re4 Rf1+ 44. Kh2 Rf2+ 45. Kxh3 Rxd2 46. Re1 Rf2 47. Be8 Bd6 48. Rc1 Rf4 49. Kg2 e4 50. dxe4 Rxe4 51. Bg6 Re3 52. Rf1 Bf4 53. Rd1 g4 54. Rf1 Kg5 55. Bd3 Rg3+ 56. Kf2 Kxh5 57. Rh1+ Kg5 58. Rh8 Rf3+ 59. Kg2 1/2-1/2

[Event "Novomikhailovsky op"]
[Site "Novomikhailovsky"]
[Date "2011.05.07"]
[Round "7"]
[White "Abuladze, Lana"]
[Black "Fedorov, Nikita"]
[Result "1/2-1/2"]
[WhiteElo "2074"]
[BlackElo "1707"]
[PlyCount "116"]
[EventDate "2011.05.01"]
[EventType "swiss"]
[EventRounds "9"]
[EventCountry "RUS"]
[SourceTitle "EXT 2012"]
[Source "ChessBase"]
[SourceDate "2011.11.24"]
[SourceVersion "1"]
[SourceVersionDate "2011.11.24"]
[SourceQuality "1"]

1. e4 c5 2. Nf3 Nc6 3. d4 cxd4 4. Nxd4 g6 5. c4 Bg7 6. Be3 Nf6 7. Nc3 0-0 8. f3 d6 9. Be2 a5 10. 0-0 Nd7 11. Nd5 Nc5 12. Qd2 Nxd4 13. Bxd4 Bxd4+ 14. Qxd4 Be6 15. Ne3 Rc8 16. f4 Bd7 17. f5 Bc6 18. e5 dxe5 19. Qxc5 Bf3 20. Qxe5 Bxe2 21. Nd5 Bxf1 22. Nxe7+ Qxe7 23. Qxe7 Bxc4 24. Qxb7 Rfd8 25. f6 Rb8 26. Qe4 Bd5 27. Qh4 Rd6 28. b3 Rbb6 29. Re1 Rxf6 30. Rd1 Bb7 31. Qg5 Kg7 32. Qxa5 Ra6 33. Qb5 Be4 34. Qe5 Bf5 35. a4 Bc2 36. Rf1 Bxb3 37. Rxf6 Rxf6 38. a5 Bc4 39. g4 h6 40. h4 g5 41. hxg5 hxg5 42. Qxg5+ Rg6 43. Qe5+ Kg8 44. Qf4 Be6 45. Qb8+ Kg7 46. a6 Rxg4+ 47. Kf2 Rg5 48. a7 Bd5 49. Qe8 Kg6 50. Qg8+ Kh6 51. a8Q Bxa8 52. Qxa8 Kg7 53. Qa1+ Kg8 54. Kf3 Rg6 55. Kf4 Kh7 56. Kf5 Kg8 57. Qa8+ Kg7 58. Qe8 Re6 1/2-1/2

[Event "Novomikhailovsky op"]
[Site "Novomikhailovsky"]
[Date "2011.05.02"]
[Round "2"]
[White "Abuladze, Lana"]
[Black "Gochelashvili, David"]
[Result "0-1"]
[WhiteElo "2074"]
[BlackElo "2439"]
[PlyCount "46"]
[EventDate "2011.05.01"]
[EventType "swiss"]
[EventRounds "9"]
[EventCountry "RUS"]
[SourceTitle "EXT 2012"]
[Source "ChessBase"]
[SourceDate "2011.11.24"]
[SourceVersion "1"]
[SourceVersionDate "2011.11.24"]
[SourceQuality "1"]

1. e4 c5 2. Nf3 g6 3. d3 Bg7 4. g3 Nc6 5. Bg2 Nf6 6. Nbd2 0-0 7. 0-0 Rb8 8. Re1 d6 9. Nf1 h6 10. h3 e5 11. Ne3 Be6 12. Nh2 d5 13. Nhg4 Nxg4 14. Nxg4 h5 15. Ne3 d4 16. Nf1 c4 17. f4 cxd3 18. cxd3 exf4 19. gxf4 Qh4 20. Kh2 Nb4 21. Ng3 Rbc8 22. Rf1 Bg4 23. Qb3 Rc2 0-1

[Event "Krasnodar 11"]
[Site "Krasnodar"]
[Date "2009.09.21"]
[Round "9"]
[White "Abuladze, Lana"]
[Black "Chernyshov, Maxim"]
[Result "1/2-1/2"]
[WhiteElo "2029"]
[BlackElo "1972"]
[PlyCount "34"]
[EventDate "2009.09.12"]
[EventType "tourn"]
[EventRounds "9"]
[EventCountry "RUS"]
[SourceTitle "EXT 2012"]
[Source "ChessBase"]
[SourceDate "2011.11.24"]
[SourceVersion "1"]
[SourceVersionDate "2011.11.24"]
[SourceQuality "1"]

1. e4 c6 2. d4 d5 3. e5 Bf5 4. Bd3 Bxd3 5. Qxd3 e6 6. Ne2 Ne7 7. c3 c5 8. 0-0 Nbc6 9. Be3 Qb6 10. b3 cxd4 11. cxd4 Nb4 12. Qd2 Rc8 13. Nbc3 a6 14. a3 Nbc6 15. b4 Nf5 16. Na4 Qb5 17. Nac3 Qb6 1/2-1/2

[Event "Krasnodar 11"]
[Site "Krasnodar"]
[Date "2009.09.15"]
[Round "4"]
[White "Abuladze, Lana"]
[Black "Rekin, Ivan"]
[Result "1-0"]
[WhiteElo "2029"]
[BlackElo "1878"]
[PlyCount "51"]
[EventDate "2009.09.12"]
[EventType "tourn"]
[EventRounds "9"]
[EventCountry "RUS"]
[SourceTitle "EXT 2012"]
[Source "ChessBase"]
[SourceDate "2011.11.24"]
[SourceVersion "1"]
[SourceVersionDate "2011.11.24"]
[SourceQuality "1"]

1. e4 e5 2. Nf3 Nc6 3. d4 exd4 4. Nxd4 Nf6 5. Nxc6 bxc6 6. e5 Qe7 7. Qe2 Nd5 8. c4 Ba6 9. b3 f6 10. Bb2 Nf4 11. Qe4 fxe5 12. Qxe5 Qxe5+ 13. Bxe5 Bb4+ 14. Nd2 0-0 15. 0-0-0 d6 16. Bb2 d5 17. g3 Ng6 18. f4 Bb7 19. Nf3 Rae8 20. Bd3 Re3 21. Ng5 c5 22. cxd5 Rfe8 23. Bc4 Kf8 24. Nxh7+ Ke7 25. Bxg7 Kd8 26. Ng5 1-0

[Event "Krasnodar 11"]
[Site "Krasnodar"]
[Date "2009.09.12"]
[Round "1"]
[White "Khokhlova, Ekaterina"]
[Black "Abuladze, Lana"]
[Result "1-0"]
[WhiteElo "1822"]
[BlackElo "2029"]
[PlyCount "95"]
[EventDate "2009.09.12"]
[EventType "tourn"]
[EventRounds "9"]
[EventCountry "RUS"]
[SourceTitle "EXT 2012"]
[Source "ChessBase"]
[SourceDate "2011.11.24"]
[SourceVersion "1"]
[SourceVersionDate "2011.11.24"]
[SourceQuality "1"]

1. e4 c5 2. Nf3 e6 3. d4 cxd4 4. Nxd4 Nc6 5. Nc3 Qc7 6. g3 a6 7. Bg2 b5 8. 0-0 Bb7 9. Re1 Bc5 10. Nb3 Be7 11. a4 b4 12. Nd5 Qd8 13. Nxe7 Ngxe7 14. Nc5 Bc8 15. e5 0-0 16. Bg5 f6 17. exf6 gxf6 18. Bh6 Rf7 19. Bxc6 Nxc6 20. Qg4+ Kh8 21. Rad1 Qe7 22. Qh5 Ne5 23. Ne4 Bb7 24. Bf4 Bxe4 25. Rxe4 Ng6 26. Bd6 Qd8 27. Rxb4 Rg7 28. Rb7 e5 29. Qf3 Nh4 30. Qb3 Nf5 31. Rb8 Rxb8 32. Qxb8 Qxb8 33. Bxb8 Nd4 34. c3 Nc6 35. Bd6 Rg8 36. Bc5 Rd8 37. Rd6 Kg7 38. Bb6 Rb8 39. Rxd7+ Kg6 40. a5 h5 41. Rd6 Ne7 42. b4 Nf5 43. Rd8 Rxd8 44. Bxd8 Nd6 45. Be7 Nb5 46. c4 Nd4 47. Bc5 Nb3 48. Bb6 1-0

[Event "RUS-ch U16 Girls"]
[Site "Dagomys"]
[Date "2009.04.22"]
[Round "8"]
[White "Pischurina, Ekaterina"]
[Black "Abuladze, Lana"]
[Result "0-1"]
[WhiteElo "1983"]
[BlackElo "2034"]
[PlyCount "106"]
[EventDate "2009.04.15"]
[EventType "swiss"]
[EventRounds "9"]
[EventCountry "RUS"]
[SourceTitle "CBM 130 Extra"]
[Source "ChessBase"]
[SourceDate "2009.07.02"]
[SourceVersion "2"]
[SourceVersionDate "2009.07.15"]
[SourceQuality "1"]

1. e4 c5 2. Nf3 Nc6 3. d4 cxd4 4. Nxd4 e6 5. Be3 Qc7 6. Be2 a6 7. 0-0 Nf6 8. Nc3 b5 9. f4 Bb7 10. Bf3 b4 11. e5 bxc3 12. exf6 cxb2 13. fxg7 Bxg7 14. Rb1 Nxd4 15. Bxd4 Bxf3 16. Rxf3 Bxd4+ 17. Qxd4 Qa7 18. Qxa7 Rxa7 19. Rxb2 Ke7 20. f5 Rc8 21. f6+ Kd6 22. Rh3 Rh8 23. Rh5 Rc7 24. Kf1 Rc6 25. Ke2 e5 26. Kd3 Ke6 27. c4 Rhc8 28. Rb4 Kxf6 29. Rxh7 Ke6 30. Rh4 f5 31. Rh3 Rd6+ 32. Kc3 f4 33. Rd3 Rxd3+ 34. Kxd3 Kf5 35. Rb2 Rh8 36. g3 Rh3 37. Rg2 e4+ 38. Kd4 f3 39. Rd2 Rh6 40. Ke3 d6 41. Rd5+ Kg4 42. Rd2 Re6 43. Rd4 Kh3 44. Rd2 a5 45. Rf2 a4 46. Rd2 a3 47. Rf2 Re8 48. Rd2 Rb8 49. Rc2 Rb2 50. Rf2 Kg4 51. Rf1 Re2+ 52. Kd4 e3 53. Kd3 Rf2 0-1

[Event "RUS-ch U16 Girls"]
[Site "Dagomys"]
[Date "2009.04.21"]
[Round "7"]
[White "Butuc, Maria"]
[Black "Abuladze, Lana"]
[Result "1-0"]
[WhiteElo "2170"]
[BlackElo "2034"]
[PlyCount "61"]
[EventDate "2009.04.15"]
[EventType "swiss"]
[EventRounds "9"]
[EventCountry "RUS"]
[SourceTitle "CBM 130 Extra"]
[Source "ChessBase"]
[SourceDate "2009.07.02"]
[SourceVersion "2"]
[SourceVersionDate "2009.07.15"]
[SourceQuality "1"]

1. Nf3 Nf6 2. c4 g6 3. Nc3 d5 4. cxd5 Nxd5 5. Qa4+ c6 6. Nxd5 Qxd5 7. e4 Qd8 8. d4 Bg7 9. Be2 0-0 10. 0-0 Nd7 11. Rd1 Qc7 12. Qc2 Nb6 13. Be3 f5 14. Qb3+ e6 15. exf5 Rxf5 16. Ng5 Nd5 17. Bg4 Rf6 18. Rac1 Bd7 19. Bxe6+ Bxe6 20. Nxe6 Rxe6 21. Qxd5 Qxh2+ 22. Kxh2 cxd5 23. Rc7 Rb6 24. b3 Rd8 25. Kg3 Bf8 26. Bf4 a5 27. Be5 a4 28. bxa4 Ra8 29. Rd3 Rxa4 30. Rc8 Rc6 31. Rd8 1-0

[Event "RUS-ch U16 Girls"]
[Site "Dagomys"]
[Date "2009.04.19"]
[Round "5"]
[White "Bulatkhanova, Bika"]
[Black "Abuladze, Lana"]
[Result "0-1"]
[WhiteElo "2023"]
[BlackElo "2034"]
[PlyCount "68"]
[EventDate "2009.04.15"]
[EventType "swiss"]
[EventRounds "9"]
[EventCountry "RUS"]
[SourceTitle "CBM 130 Extra"]
[Source "ChessBase"]
[SourceDate "2009.07.02"]
[SourceVersion "2"]
[SourceVersionDate "2009.07.15"]
[SourceQuality "1"]

1. Nf3 f5 2. c4 Nf6 3. Nc3 g6 4. g3 Bg7 5. Bg2 d6 6. d4 0-0 7. 0-0 Qe8 8. d5 a5 9. Nd4 Qf7 10. e4 fxe4 11. Nxe4 Nxe4 12. Bxe4 Bh3 13. Bg2 Bxg2 14. Kxg2 Bxd4 15. Qxd4 Qf3+ 16. Kg1 Nd7 17. Bh6 Rf7 18. Rae1 Ne5 19. Bf4 Nd3 20. Re4 Nxf4 21. Rxf4 Rxf4 22. Qxf4 Qxf4 23. gxf4 Rf8 24. Re1 Rxf4 25. b3 Kf7 26. Kg2 a4 27. Kg3 Rd4 28. Re3 Rd2 29. a3 Rc2 30. bxa4 Rxc4 31. Rf3+ Ke8 32. Rb3 b6 33. f4 Rd4 34. Rc3 Kd7 0-1

[Event "EU-ch (Women) 10th"]
[Site "St Petersburg"]
[Date "2009.03.14"]
[Round "7"]
[White "Abuladze, Lana"]
[Black "Cherednichenko, Elena"]
[Result "0-1"]
[WhiteElo "2029"]
[BlackElo "2161"]
[PlyCount "73"]
[EventDate "2009.03.08"]
[EventType "swiss"]
[EventRounds "11"]
[EventCountry "RUS"]
[SourceTitle "CBM 129 Extra"]
[Source "ChessBase"]
[SourceDate "2009.05.05"]
[SourceVersion "2"]
[SourceVersionDate "2009.05.20"]
[SourceQuality "1"]

1. e4 e5 2. Nf3 Nc6 3. d4 exd4 4. Nxd4 Nf6 5. Nc3 Bb4 6. Nxc6 bxc6 7. Bd3 0-0 8. 0-0 d5 9. exd5 cxd5 10. Bg5 c6 11. Qf3 Be7 12. Rae1 Re8 13. h3 Be6 14. Nd1 h6 15. Bh4 Qa5 16. a3 Nh7 17. Bxe7 Rxe7 18. Bxh7+ Kxh7 19. Re2 Rc7 20. Rfe1 Rd8 21. Qd3+ Kg8 22. f4 g6 23. Rxe6 fxe6 24. Qxg6+ Rg7 25. Qxe6+ Kh7 26. Nf2 Qc5 27. Qf5+ Kg8 28. Re2 Rf8 29. Qe6+ Kh7 30. f5 Qd4 31. Kh1 Qf4 32. Ng4 Rxf5 33. Qe3 Qxe3 34. Rxe3 Rf1+ 35. Kh2 h5 36. Ne5 Rf2 37. Nxc6 0-1

[Event "RUS-ch (Women) 1st League 58th"]
[Site "Smolensk"]
[Date "2008.03.05"]
[Round "8"]
[White "Abuladze, Lana"]
[Black "Dotdaeva, Aminat"]
[Result "1-0"]
[WhiteElo "2016"]
[BlackElo "2136"]
[PlyCount "65"]
[EventDate "2008.02.27"]
[EventType "swiss"]
[EventRounds "9"]
[EventCountry "RUS"]
[SourceTitle "CBM 123 Extra"]
[Source "ChessBase"]
[SourceDate "2008.05.06"]
[SourceVersion "1"]
[SourceVersionDate "2008.05.06"]
[SourceQuality "1"]

1. e4 e6 2. d4 d5 3. exd5 exd5 4. Bd3 Bd6 5. Nf3 Bg4 6. h3 Bh5 7. Be3 Ne7 8. Nbd2 Nbc6 9. c3 0-0 10. Bxh7+ Kh8 11. Bd3 f6 12. Qc2 a6 13. g4 Bf7 14. h4 Ng8 15. h5 Nh6 16. g5 fxg5 17. Nxg5 b5 18. Bxb5 Qxg5 19. Bxg5 axb5 20. Bxh6 gxh6 21. 0-0-0 Rxa2 22. Kb1 Ra7 23. Nf3 Ne7 24. Rdg1 Be6 25. Nh4 Bd7 26. Rg6 Nf5 27. Rhg1 Bf4 28. Nxf5 Rfa8 29. Qd3 Bg5 30. Nxh6 Ra1+ 31. Kc2 Rxg1 32. Nf7+ Kh7 33. Rxg5+ 1-0

[Event "RUS-ch (Women) 1st League 58th"]
[Site "Smolensk"]
[Date "2008.03.01"]
[Round "4"]
[White "Abuladze, Lana"]
[Black "Korchagina, Victoria"]
[Result "0-1"]
[WhiteElo "2016"]
[BlackElo "2182"]
[PlyCount "94"]
[EventDate "2008.02.27"]
[EventType "swiss"]
[EventRounds "9"]
[EventCountry "RUS"]
[SourceTitle "CBM 123 Extra"]
[Source "ChessBase"]
[SourceDate "2008.05.06"]
[SourceVersion "1"]
[SourceVersionDate "2008.05.06"]
[SourceQuality "1"]

1. e4 c5 2. Nf3 d6 3. c3 Nf6 4. Be2 Nc6 5. d4 cxd4 6. cxd4 d5 7. exd5 Nxd5 8. Nc3 g6 9. 0-0 Bg7 10. Nxd5 Qxd5 11. Be3 0-0 12. Qd2 Rd8 13. Rfd1 b6 14. Rac1 Bb7 15. Bc4 Qa5 16. Qe2 e6 17. Rd2 h6 18. Rcd1 Ne7 19. Ne5 Nd5 20. a3 Rac8 21. Ba2 Nxe3 22. Qxe3 Bxe5 23. b4 Qb5 24. dxe5 Rxd2 25. Qxd2 Qxe5 26. Qxh6 Qe2 27. Bb3 Qg4 28. Qh3 Qxh3 29. gxh3 Bf3 30. Rb1 Rc3 31. Bd1 Bxd1 32. Rxd1 Rxa3 33. Rd7 Kg7 34. Kg2 Kf6 35. h4 Ra4 36. Kg3 a6 37. Ra7 Rxb4 38. Rxa6 Ke5 39. Ra7 f5 40. Rb7 Rb3+ 41. f3 b5 42. Rg7 Rb1 43. Kf2 Rb2+ 44. Kg3 Rb1 45. Kf2 b4 46. Kg3 Kd4 47. Kf4 Rg1 0-1

[Event "Anapa U18 Girls"]
[Site "Anapa"]
[Date "2007.08.??"]
[Round "2"]
[White "Abdrakhmanova, Sara"]
[Black "Abuladze, Lana"]
[Result "0-1"]
[WhiteElo "2010"]
[BlackElo "2094"]
[PlyCount "62"]
[EventDate "2007.08.25"]
[EventType "swiss"]
[EventRounds "9"]
[EventCountry "RUS"]
[SourceTitle "EXT 2022"]
[Source "ChessBase"]
[SourceDate "2021.10.06"]
[SourceVersion "1"]
[SourceVersionDate "2021.10.06"]
[SourceQuality "1"]

1. e4 e5 2. Nf3 Nc6 3. Bb5 a6 4. Bxc6 dxc6 5. 0-0 f6 6. d4 exd4 7. Nxd4 c5 8. Nb3 Be6 9. Nc3 Qxd1 10. Rxd1 Bd6 11. Be3 b6 12. Nd5 Ne7 13. c4 Ng6 14. Rac1 Rb8 15. f3 Be5 16. Bf2 c6 17. Ne3 Bxb2 18. Rb1 Ba3 19. Nc2 Bb4 20. a3 Bc3 21. Nxc5 Bxc4 22. Na4 Be5 23. Nxb6 Ba2 24. Nb4 Bxb1 25. Rxb1 0-0 26. Nd7 a5 27. Nxf8 Nxf8 28. Rc1 axb4 29. axb4 Rxb4 30. Bc5 Rb2 31. Bxf8 Kxf8 0-1

[Event "Anapa U18 Girls"]
[Site "Anapa"]
[Date "2007.08.??"]
[Round "4"]
[White "Abuladze, Lana"]
[Black "Andreeva, Elena"]
[Result "1-0"]
[WhiteElo "2094"]
[BlackElo "1979"]
[PlyCount "121"]
[EventDate "2007.08.25"]
[EventType "swiss"]
[EventRounds "9"]
[EventCountry "RUS"]
[SourceTitle "EXT 2022"]
[Source "ChessBase"]
[SourceDate "2021.10.06"]
[SourceVersion "1"]
[SourceVersionDate "2021.10.06"]
[SourceQuality "1"]

1. e4 c5 2. d3 Nc6 3. f4 g6 4. Nf3 Bg7 5. g3 d5 6. Nbd2 e6 7. Bg2 Nge7 8. e5 0-0 9. 0-0 b5 10. g4 f6 11. exf6 Bxf6 12. Re1 Qd6 13. Ne5 Nxe5 14. fxe5 Bxe5 15. Rxe5 Qxe5 16. Nf3 Qg7 17. Bg5 e5 18. Qe1 e4 19. dxe4 Bxg4 20. Nd2 Rae8 21. e5 Be6 22. Bf6 Qh6 23. Nb3 Nf5 24. Nxc5 Qe3+ 25. Qxe3 Nxe3 26. Nxe6 Rxe6 27. Bh3 Rc6 28. c3 Rcxf6 29. exf6 Rxf6 30. Re1 Rf3 31. Bd7 a6 32. Bc8 a5 33. Ba6 b4 34. cxb4 axb4 35. Rc1 d4 36. a4 bxa3 37. bxa3 Nf5 38. a4 Ra3 39. Bb5 Kf7 40. Rd1 Ke6 41. Rd3 Ra1+ 42. Kf2 Kd5 43. Kf3 Nd6 44. Rb3 Nc4 45. Rb4 Ra3+ 46. Kf2 Ra2+ 47. Ke1 Ne3 48. Bd3 Nc2+ 49. Bxc2 Rxc2 50. a5 Ra2 51. Rb7 Rxh2 52. a6 Ra2 53. a7 h5 54. Rg7 Ke4 55. Kd1 Kd3 56. Kc1 Ke2 57. Re7+ Kf3 58. Rf7+ Kg4 59. Rd7 Ra4 60. Rxd4+ Rxd4 61. a8Q 1-0

[Event "Anapa U18 Girls"]
[Site "Anapa"]
[Date "2007.08.??"]
[Round "7"]
[White "Abuladze, Lana"]
[Black "Kutueva, Natalia"]
[Result "0-1"]
[WhiteElo "2094"]
[BlackElo "1933"]
[PlyCount "54"]
[EventDate "2007.08.25"]
[EventType "swiss"]
[EventRounds "9"]
[EventCountry "RUS"]
[SourceTitle "EXT 2022"]
[Source "ChessBase"]
[SourceDate "2021.10.06"]
[SourceVersion "1"]
[SourceVersionDate "2021.10.06"]
[SourceQuality "1"]

1. e4 e6 2. d4 d5 3. exd5 exd5 4. Nc3 Nf6 5. Bg5 Be7 6. Qd2 0-0 7. 0-0-0 c6 8. f3 Nbd7 9. Bd3 b5 10. g4 Qa5 11. Kb1 Bb4 12. Nge2 Ba6 13. Ng3 c5 14. Nf5 c4 15. Bh6 Bxc3 16. Qg5 g6 17. bxc3 cxd3 18. Rxd3 Rfe8 19. Bg7 Qb6 20. f4 b4 21. c4 Bxc4 22. Rh3 Qa6 23. a3 bxa3 24. Ka1 Qb6 25. Nh6+ Kxg7 26. Nf5+ Kh8 27. Rxh7+ Nxh7 0-1

[Event "Anapa U18 Girls"]
[Site "Anapa"]
[Date "2007.08.??"]
[Round "1"]
[White "Abuladze, Lana"]
[Black "Ognerubova, Anastasia"]
[Result "1/2-1/2"]
[WhiteElo "2094"]
[BlackElo "1877"]
[PlyCount "31"]
[EventDate "2007.08.25"]
[EventType "swiss"]
[EventRounds "9"]
[EventCountry "RUS"]
[SourceTitle "EXT 2022"]
[Source "ChessBase"]
[SourceDate "2021.10.06"]
[SourceVersion "1"]
[SourceVersionDate "2021.10.06"]
[SourceQuality "1"]

1. e4 e6 2. d4 d5 3. exd5 exd5 4. Bd3 Bd6 5. Ne2 Nf6 6. Nbc3 c6 7. Bg5 0-0 8. Qd2 Be6 9. Nf4 Nbd7 10. 0-0 Qc7 11. h3 Rae8 12. Nce2 h6 13. Bh4 Ne4 14. Qc1 b6 15. c4 Ndf6 16. cxd5 1/2-1/2

[Event "Anapa U18 Girls"]
[Site "Anapa"]
[Date "2007.08.??"]
[Round "6"]
[White "Eryshkanova, Anastasiya"]
[Black "Abuladze, Lana"]
[Result "1/2-1/2"]
[WhiteElo "2087"]
[BlackElo "2094"]
[PlyCount "122"]
[EventDate "2007.08.25"]
[EventType "swiss"]
[EventRounds "9"]
[EventCountry "RUS"]
[SourceTitle "EXT 2022"]
[Source "ChessBase"]
[SourceDate "2021.10.06"]
[SourceVersion "1"]
[SourceVersionDate "2021.10.06"]
[SourceQuality "1"]

1. e4 d5 2. exd5 Qxd5 3. Nc3 Qa5 4. d4 Nf6 5. Bc4 Nc6 6. Nge2 Bg4 7. f3 Bh5 8. Bd2 Qf5 9. Ng3 Qd7 10. Nxh5 Nxh5 11. Be3 e6 12. d5 exd5 13. Qxd5 Qxd5 14. Bxd5 Bb4 15. Bd2 0-0 16. 0-0-0 Nf6 17. Bc4 Ne5 18. Bb3 a6 19. Nd5 Nxd5 20. Bxd5 Bxd2+ 21. Rxd2 c6 22. Bb3 Rad8 23. Rhd1 Rxd2 24. Rxd2 g5 25. c3 Re8 26. Rd6 Re7 27. Kc2 Ng6 28. Rd2 Kg7 29. Bc4 Nh4 30. Bd3 Re1 31. Rf2 Re5 32. g3 Nf5 33. Kd2 Nd6 34. f4 Rd5 35. Ke3 h6 36. c4 Ra5 37. fxg5 hxg5 38. b4 Ra3 39. Kd4 a5 40. Rd2 axb4 41. Kc5 Ne8 42. Kxb4 Ra8 43. Kc5 Rd8 44. Rd1 Nc7 45. Kb6 Na6 46. a3 Rd7 47. c5 Nb8 48. Bc2 Re7 49. Bf5 Na6 50. Rd7 Re5 51. g4 Nxc5 52. Rd2 Na4+ 53. Kxb7 c5 54. Bd7 Nc3 55. Rc2 Ne4 56. Kc6 Nf6 57. Bf5 Re3 58. a4 Ra3 59. Rc4 Ra2 60. Kxc5 Rxh2 61. Kc6 Ra2 1/2-1/2